header

Airports (Record no. 67789)

MARC details
000 -LEADER
fixed length control field 01347nam a2200349Ia 4500
082 04 - DEWEY DECIMAL CLASSIFICATION NUMBER
Classification number 387.7/36
245 00 - TITLE STATEMENT
Title Airports
260 ## - PUBLICATION, DISTRIBUTION, ETC. (IMPRINT)
Place of publication New York :
Name of publisher Nova Science Publishers,
Year of publication c2009.
300 ## - PHYSICAL DESCRIPTION
Number of Pages x, 220 p. :
Other physical details ill., maps.
650 #0 - SUBJECT ADDED ENTRY--TOPICAL TERM
Topical Term Airports
Topical Term Airport capacity.
Topical Term Airports
700 1# - ADDED ENTRY--PERSONAL NAME
Personal name Larauge, Pierre B.
Personal name Castille, Martin E.
856 40 - ELECTRONIC LOCATION AND ACCESS
Uniform Resource Identifier http://site.ebrary.com/lib/rucke/Doc?id=10660454

No items available.

© 2026 Rongo University
Contact us: librarian | system librarian | Rongo university